Guía divulgativa de criterios para la delimitación de páramos de Colombia : (Registro nro. 7659)
[ vista simple ]
| 000 -CABECERA | |
|---|---|
| Campo de control | 01140nam a22002777a 4500 |
| 005 - FECHA Y HORA DE LA ULTIMA TRANSACCION | |
| Campo de control | 20180803165503.0 |
| 008 - ELEMENTOS DE LONGITUD FIJA—INFORMACION GENERAL | |
| Campo de control | 130905s2011 ck ao fr|||| 000 0 spa d |
| 020 ## - ISBN | |
| ISBN | 9789588343563 |
| 040 ## - FUENTE DE CATALOGACIÓN | |
| Agencia catalogadora original | CO-BoIAVH |
| Agencia transcriptora | CO-BoIAVH |
| 041 0# - IDIOMA | |
| Código de idioma para texto/pista de sonido o título separado | Español |
| 044 ## - PAÍS DE PUBLICACIÓN | |
| País de publicación | Colombia |
| 082 04 - NUMERO DE CLASIFICACION DECIMAL DEWEY | |
| Número de clasificación | 551.432 |
| Número del ítem | R62g |
| 100 1# - ASIENTO PRINCIPAL--NOMBRE PERSONAL | |
| Nombre personal | Rivera-Ospina, David |
| 9 (RLIN) | 2059 |
| 245 10 - MENCION DE TITULO | |
| Título | Guía divulgativa de criterios para la delimitación de páramos de Colombia : |
| Mención de responsabilidad | David Rivera, Ospina y Camilo Eduardo Rodríguez Murcia |
| 260 ## - PUBLICACION, DISTRIBUCION, ETC. (PIE DE IMPRENTA) | |
| Lugar de publicación, distribución, etc. | Bogotá : |
| Nombre del editor, distribuidor, etc. | Instituto de Investigación de Recursos Biológicos Alexander von Humbolt, |
| Fecha de publicación, distribución, etc. | 2011. |
| 300 ## - DESCRIPCION FISICA | |
| Extensión | 68 páginas : |
| Otros detalles físicos | Ilustraciones, fotografías a color ; |
| Dimensiones | 22 x 21 cm. |
| 500 ## - NOTA GENERAL | |
| Nota general | Incluye glosario: páginas 53 - 54. |
| 504 ## - NOTA DE BIBLIOGRAFIA, ETC. | |
| Nota de bibliografía | Incluye referencias bibliográficas 55 - 56. |
| 650 16 - ASIENTO SECUNDARIO DE MATERIA - TERMINO TEMATICO | |
| Término temático o nombre geográfico como elemento de entrada | Páramos |
| 9 (RLIN) | 92513 |
| 650 26 - ASIENTO SECUNDARIO DE MATERIA - TERMINO TEMATICO | |
| Término temático o nombre geográfico como elemento de entrada | Geomorfología |
| 9 (RLIN) | 63191 |
| 650 26 - ASIENTO SECUNDARIO DE MATERIA - TERMINO TEMATICO | |
| Término temático o nombre geográfico como elemento de entrada | Ecotonos |
| 9 (RLIN) | 2060 |
| 650 26 - ASIENTO SECUNDARIO DE MATERIA - TERMINO TEMATICO | |
| Término temático o nombre geográfico como elemento de entrada | Áreas de protección |
| 9 (RLIN) | 2061 |
| 710 2# - ASIENTO SECUNDARIO - NOMBRE CORPORATIVO | |
| Nombre corporativo o de jurisdicción como elemento de entrada | Instituto de Investigación de Recursos Biológicos Alexander von Humbolt. |
| 9 (RLIN) | 63192 |
| 856 ## - LOCALIZACION Y ACCESO ELECTRONICOS | |
| Identificador Uniforme del Recurso | http://www.humboldt.org.co/publicaciones/uploads/Guia_delimitacion_paramos.pdf |
| 942 ## - ELEMENTOS ADICIONALES (KOHA) | |
| Sistema de clasificación | Dewey Decimal Classification |
| Tipo de ítem | Libro |
| Koha issues (borrowed), all copies | 1 |
| Withdrawn status | Lost status | Sistema de Clasificación | Damaged status | No para préstamo | Colección | Inventariado | Ubicación Permanente | Ubicación actual | Fecha de adquisición | Fuente de Valor | Valor | Total Checkouts | Total Renewals | Número topográfico | Inventario / Código de Barras | Date last seen | Date checked out | Ejemplar | Price effective from | Forma de adquisición | Tipo de material |
|---|---|---|---|---|---|---|---|---|---|---|---|---|---|---|---|---|---|---|---|---|---|
| Dewey Decimal Classification | Humboldt | Inventariado 2017 | Bogotá | Bogotá | 05/09/2013 | Instituto | 39000.00 | 4 | 1 | IAVH-551.432 R62g | 058467 | 13/01/2020 | 12/12/2019 | Ej. 1 | 05/09/2013 | Institucional | Libro | ||||
| Dewey Decimal Classification | Humboldt | Inventariado 2017 | Sala Fabio Quevedo | Sala Fabio Quevedo | 01/03/2016 | Instituto | 39000.00 | IAVH-551.432 R62g | 042264 | 01/03/2016 | Ej. 2 | 01/03/2016 | Institucional | Libro |